Visualizzazione normale
Vista MARC
- Frankenheimer John
di Personal Name
Records bibliografici associati: 1
001 - CONTROL NUMBER
- control field: 42822
003 - CONTROL NUMBER IDENTIFIER
- control field: IT-RoPau
005 - DATE AND TIME OF LATEST TRANSACTION
- control field: 20151127092509.0
008 - FIXED-LENGTH DATA ELEMENTS
- fixed length control field: 151127|| aca||aabn | a|a d
040 ## - CATALOGING SOURCE
- Original cataloging agency: IT-RoPau
- Transcribing agency: IT-RoPau
100 ## - HEADING--PERSONAL NAME
- Personal name: Frankenheimer John
- Miscellaneous information: Codice regista SPICS: 13316
670 ## - SOURCE DATA FOUND
- Source citation: Work cat.: (IT-RoPau)105689: Frankenheimer John Codice regista SPICS: 13316, TRENO (IL) TRENO (IL) (Rif. Codice opera principale : 99779)